Agrovoc : (Record no. 83491)
[ view plain ]
| 000 -CABECERA | |
|---|---|
| campo de control de longitud fija | 01398cam a22003977a 4500 |
| 003 - IDENTIFICADOR DEL NÚMERO DE CONTROL | |
| campo de control | CHAP |
| 005 - FECHA Y HORA DE LA ÚLTIMA TRANSACCIÓN | |
| campo de control | 20220817043743.0 |
| 008 - DATOS DE LONGITUD FIJA--INFORMACIÓN GENERAL | |
| campo de control de longitud fija | 010212d1982 it r 00110 spa d |
| 010 ## - NÚMERO DE CONTROL DE LA BIBLIOTECA DEL CONGRESO | |
| Número de control de LC | 83491 |
| 011 ## - ENLACE DEL NUMERO DE CONTROL DE LA BIBLIOTECA DEL CONGRESO [OBSOLETO] | |
| Número de control de LC | 84463 |
| 020 ## - NÚMERO INTERNACIONAL ESTÁNDAR DEL LIBRO | |
| Número Internacional Estándar del Libro | 8876430024 |
| 035 ## - NÚMERO DE CONTROL DEL SISTEMA | |
| Número de control de sistema | 94983 |
| 040 ## - FUENTE DE LA CATALOGACIÓN | |
| Centro/agencia transcriptor | CHAP |
| 082 04 - NÚMERO DE LA CLASIFICACIÓN DECIMAL DEWEY | |
| Número de clasificación | 025.33 |
| Número de documento/Ítem | F4 |
| 110 0# - ENTRADA PRINCIPAL--NOMBRE DE ENTIDAD CORPORATIVA | |
| Nombre de entidad corporativa o nombre de jurisdicción como elemento de entrada | FAO |
| 245 10 - MENCIÓN DE TÍTULO | |
| Título | Agrovoc : |
| Resto del título | tesauro multilingüe de terminología agrícola |
| Mención de responsabilidad, etc. | /por Donald Leatherdale y María Jose Galrao. |
| 260 ## - PUBLICACIÓN, DISTRIBUCIÓN, ETC. | |
| Lugar de publicación, distribución, etc. | Roma, Italia : |
| Nombre del editor, distribuidor, etc. | FAO, |
| Fecha de publicación, distribución, etc. | 1982. |
| 300 ## - DESCRIPCIÓN FÍSICA | |
| Extensión | 542 p. |
| 500 ## - NOTA GENERAL | |
| Nota general | Copia 1 en fotocopias encuadernado en 2 volúmenes |
| 505 0# - NOTA DE CONTENIDO CON FORMATO | |
| Nota de contenido con formato | Contenido de la copia 1: v.1 A-GUAB, v.2 GUAC-Z |
| 590 ## - NOTA LOCAL (RLIN) | |
| Nota local | BATCH-UPD |
| Procedencia (VM) [OBSOLETO] | 10 |
| Condición del los carretes individuales (VM) [OBSOLETO] | 20130110 |
| -- | UCH01 |
| -- | 1803 |
| 590 ## - NOTA LOCAL (RLIN) | |
| Nota local | BATCH-UPD |
| Procedencia (VM) [OBSOLETO] | 10 |
| Condición del los carretes individuales (VM) [OBSOLETO] | 20130410 |
| -- | UCH01 |
| -- | 1138 |
| 590 ## - NOTA LOCAL (RLIN) | |
| Nota local | BATCH-UPD |
| Procedencia (VM) [OBSOLETO] | 10 |
| Condición del los carretes individuales (VM) [OBSOLETO] | 20130914 |
| -- | UCH01 |
| -- | 1339 |
| 590 ## - NOTA LOCAL (RLIN) | |
| Nota local | CONVERSION |
| Procedencia (VM) [OBSOLETO] | 10 |
| Condición del los carretes individuales (VM) [OBSOLETO] | 20130109 |
| -- | UCH01 |
| -- | 1346 |
| 650 14 - PUNTO DE ACCESO ADICIONAL DE MATERIA--TÉRMINO DE MATERIA | |
| Término de materia o nombre geográfico como elemento de entrada | Encabezamientos de materia |
| Subdivisión general | Agricultura. |
| 9 (RLIN) | 36719 |
| 650 14 - PUNTO DE ACCESO ADICIONAL DE MATERIA--TÉRMINO DE MATERIA | |
| Término de materia o nombre geográfico como elemento de entrada | Tesauros. |
| 9 (RLIN) | 112457 |
| 700 0# - PUNTO DE ACCESO ADICIONAL--NOMBRE DE PERSONA | |
| Nombre de persona | Galrao, María José. |
| 9 (RLIN) | 44492 |
| 700 0# - PUNTO DE ACCESO ADICIONAL--NOMBRE DE PERSONA | |
| Nombre de persona | Leatherdale, Donald. |
| 9 (RLIN) | 65336 |
| 901 ## - ELEMENTOS DE DATOS A LOCAL LDA (RLIN) | |
| a | BK |
| 905 ## - ELEMENTOS DE DATOS E LOCAL, LDE (RLIN) | |
| a | Edna Luz |
| 942 ## - ELEMENTOS DE PUNTO DE ACCESO ADICIONAL (KOHA) | |
| Tipo de ítem Koha | Libro |
| 949 ## - PROCESAMIENTO DE INFORMACIÓN LOCAL (OCLC) | |
| a | 025.33 F4 |
| b | BC |
| c | B |
| d | 33724002234454 |
| e | B |
| f | c.3 |
| g | DonaciØn |
| h | 114129 |
| i | 94983 |
| s | b |
| 949 ## - PROCESAMIENTO DE INFORMACIÓN LOCAL (OCLC) | |
| a | 025.33 F4 |
| b | BC |
| c | B |
| d | 949831 |
| e | B |
| f | v.1 |
| h | 99692 |
| i | 94983 |
| s | b |
| 949 ## - PROCESAMIENTO DE INFORMACIÓN LOCAL (OCLC) | |
| a | 025.33 F4 |
| b | BC |
| c | B |
| d | 949832 |
| e | B |
| f | v.2 |
| h | 99693 |
| i | 94983 |
| s | b |
| 949 ## - PROCESAMIENTO DE INFORMACIÓN LOCAL (OCLC) | |
| a | 025.33 F4 |
| b | BC |
| c | FAO |
| d | 33724002208793 |
| e | FAO1 |
| f | c.2 |
| h | 99963 |
| i | 94983 |
| s | t |
| Estado de retiro | Estado de pérdida | Estado dañado | Restricciones de uso | No para préstamo | Código de colección | Localización permanente | Ubicación/localización actual | Ubicación en estantería | Fecha de adquisición | Fuente de adquisición | Información codificada de la localización en otra ubicación | Número de inventario | Total de préstamos | Signatura topográfica completa | Código de barras | Fecha visto por última vez | Número de copia | Precio válido a partir de | Tipo de ítem Koha |
|---|---|---|---|---|---|---|---|---|---|---|---|---|---|---|---|---|---|---|---|
| Préstamo 3 días | Biblioteconomía | Biblioteca Central | Biblioteca Central | Planta alta - Área de Tesis - Biblioteconomia | 31/12/2019 | Donacion | LIBRO | 127 | 025.33 F4 v.1 | 33724002234454 | 31/12/2019 | c.2 | 31/12/2019 | Libro | |||||
| Préstamo 3 días | Biblioteconomía | Biblioteca Central | Biblioteca Central | Planta alta - Área de Tesis - Biblioteconomia | 31/12/2019 | LIBRO | 127 | 025.33 F4 v.2 | 33724002208793 | 31/12/2019 | c.2 | 31/12/2019 | Libro | ||||||
| Préstamo 3 días | Biblioteconomía | Biblioteca Central | Biblioteca Central | Planta alta - Área de Tesis - Biblioteconomia | 31/12/2019 | LIBRO | 127 | 025.33 F4 | 33724002498512 | 31/12/2019 | v.1 | 31/12/2019 | Libro | ||||||
| Préstamo 3 días | Biblioteconomía | Biblioteca Central | Biblioteca Central | Planta alta - Área de Tesis - Biblioteconomia | 31/12/2019 | LIBRO | 127 | 025.33 F4 | 33724002498553 | 31/12/2019 | v.2 | 31/12/2019 | Libro |
